Normal view
MARC view
- الجامعة الأردنية. مركز الدراسات الاستراتيجية. المرصد والدراسات الاقتصادية
Entry Personal Name
001 - CONTROL NUMBER
- control field: 46124
003 - CONTROL NUMBER IDENTIFIER
- control field: JO-AjAnu
005 - DATE AND TIME OF LATEST TRANSACTION
- control field: 20230606081626.0
008 - FIXED-LENGTH DATA ELEMENTS
- fixed length control field: 230606|| aca||aabn | a|a d
040 ## - CATALOGING SOURCE
- Original cataloging agency: JO-AjAnu
- Transcribing agency: JO-AjAnu
100 ## - HEADING--PERSONAL NAME
- Personal name: الجامعة الأردنية. مركز الدراسات الاستراتيجية. المرصد والدراسات الاقتصادية
670 ## - SOURCE DATA FOUND
- Source citation: Work cat.: (JO-AjAnu)23611: الجامعة الأردنية. مركز الدراسات الاستراتيجية. المرصد والدراسات الاقتصادية, author, أداء الاقتصاد الأردني في ظل الربيع العربي : أوراق بحثية